Normal view
MARC view
- Kenneth C. Smith
Entry Personal Name
001 - CONTROL NUMBER
- control field: 125574
003 - CONTROL NUMBER IDENTIFIER
- control field: NUST
005 - DATE AND TIME OF LATEST TRANSACTION
- control field: 20240902145833.0
008 - FIXED-LENGTH DATA ELEMENTS
- fixed length control field: 240902|| aca||aabn | a|a d
040 ## - CATALOGING SOURCE
- Original cataloging agency: NUST
- Transcribing agency: NUST
100 ## - HEADING--PERSONAL NAME
- Personal name: Kenneth C. Smith
670 ## - SOURCE DATA FOUND
- Source citation: Work cat.: (NUST): Kenneth C. Smith, Microelectronics Circuit , 1998.
